000 00563nam a2200217 a 4500
001 0001-2056
003 ELIB.Books
008 190716 2010 eng
020 _aKBTS
092 _a220.301
_bBee
100 _aBeechick, Ruth.
245 _aA Biblical Psychology of Learning
260 _aColorado
_bAccent Publications
_c1982
300 _a159
_c21.5 Cm
650 _aBiblical Psychology
856 _nKBTS Library
_uKBTS Elib
942 _2ddc
_cBK
990 _a1
998 _aEnglishbooks.elf
_ccat
_e2019-07-16
999 _c12056
_d12056